00637cam a22001931 4500001001300000003000400013005001700017008004100034010001700075035001900092040001800111042001200129050001700141111003800158245014900196260002300345300003500368650004000403sa 66002032 DLC20260227112226.0770801s1964 ii ac 100 0 eng  asa 66002032  a(OCoLC)3151073 aDLCcCCCdDLC apremarc00aL961.I4bI552 aIndian Public Schools Conference.12aA handbook of the Indian public schools.bIssued on the 25th anniversary of the founding of the Indian Public Schools (Headmasters') Conference. a[New Delhi?c1964. a124 p.billus., ports.c25 cm. 0aPublic schoolszIndiavDirectories.